000 00458nam a2200169Ia 4500
003 GCL
008 140319s9999 xx 000 0 ara d
040 _aGCL /
_cGCL
082 0 4 _aد
_b050
100 1 _aنظمى خليل
245 1 0 _aالارهاق العصبى (اقرا 202 ) /
_cنظمى خليل
300 _a144
490 _aاقرأ
_v0
650 0 4 _aالجهاز العصبى
650 0 4 _aالاضطرابات العصبية
942 _2ddc
_cBK
999 _c48853
_d48853